Five Nights at Freddy's(FNaF) 1 Quiz! - Statistics

General Stats
  • This quiz has been taken 94 times
  • The average score is 17 of 38
Answer Stats
Hint Answer % Correct
It's a bunny Bonnie The Bunny
100%
It's a fox Foxy The Pirate Fox
100%
(Characters) It's a bear Freddy Fazbear
100%
It's a chicken Chica The Chicken
98%
It's a bear Golden Freddy
94%
Your father is (NAME). William Afton
65%
other bear soul Cassidy
63%
You're working at (PLACE). Freddy Fazbear's Pizzeria
63%
You are (NAME). Michael Afton/ Foxybro
62%
You work for (NUMBER) days. Seven
60%
chicken soul Susie
59%
fox soul Fritz
54%
Souls Inside the suits: brown bear soul Gabriel
54%
bunny soul Jeremy
54%
What does the fox have instead of a hand? A Hook
51%
What is the bear of the band holding? A Microphone
51%
What's on the chicken's bib? Let's Eat!
51%
What is the bunny of the band holding? A Guitar
49%
What color is the band bear's bowtie? Black
49%
What color is the bunny's bowtie? Red
48%
You can only hear in (CAM. ROOM). The Kitchen
48%
Extra Soul?(An Afton) Crying Child
46%
What is the chicken of the band holding? A Cupcake
44%
What is the fox of the band holding? Nothing
35%
You get fired for (THING) Tampering with Animatronics & odor
33%
Who welcomes you each night with a phone call? Phone Guy
29%
How long do you need to survive each night? Six Hours
25%
What color is the other bear's bowtie? Black
22%
Who did it(see last answer)? The purple guy
21%
other bear Black/ None (Golden Freddy)
16%
band-ish fox Yellow (Foxy)
16%
band bear Blue (Freddy)
14%
band chicken Pink (Chica)
14%
band bunny Purple (Bonnie)
14%
FINAL STRETCH!!!!! okay
8%
Why are the animatronics possessed? Children were murdered and stuffed into the animatronic mascot suits
5%
Character's EYE COLORS!(just write the color) okay
5%
Why? (hint: i dont even know [canonly]) No-one knows for sure
2%
No matching quizzes found
Score Distribution
Percent of People with Each Score
Percentile by Number Answered
Your Score History
You have not taken this quiz